Queen Victoria - Statistics

General Stats
  • This quiz has been taken 161 times
  • The average score is 8 of 11
Answer Stats
Hint Answer % Correct
How many children did she have? 9
97%
Her spouse Prince Albert
97%
Who succeeded her? Edward VII
91%
Her father Prince Edward
91%
Which famous writer lived during her reign? Charles Dickens
79%
What house was she from? House of Hanover
71%
Who ruled before her? William IV
71%
What other title did she have? Empress of India
70%
In which palace was she born? Kensington Palace
63%
What was her original name? Alexandrina
57%
How many Prime Ministers did she have? 20
56%
No matching quizzes found
Score Distribution
Percent of People with Each Score
Percentile by Number Answered
Your Score History
You have not taken this quiz